000 00301nam a22001337a 4500
008 170529b xxu||||| |||| 00| 0 eng d
020 _a0471801712
041 _aeng
080 _23RD
_a621.3
100 _a27
101 _aIM
245 _aCIRCUITS DEVICES AND SYSTEMS
_cSMITH, R.J
942 _2udc
_cBK
999 _c14776
_d14776